Guess the State by Landmark-Picture Quiz - Statistics

General Stats
  • This quiz has been taken 28 times
  • The average score is 24 of 50
Answer Stats
Picture Answer % Correct
Florida
96%
New York
96%
California
91%
Missouri
83%
South Dakota
83%
Washington
78%
Texas
74%
Alaska
70%
Pennsylvania
70%
Utah
70%
Nevada
65%
Virginia
65%
Illinois
61%
Louisiana
61%
Arizona
57%
Hawaii
57%
Massachusetts
57%
Montana
57%
New Mexico
57%
Wyoming
57%
Colorado
52%
Ohio
52%
Georgia
48%
Oregon
48%
Maryland
43%
Minnesota
43%
Oklahoma
43%
Wisconsin
43%
Kentucky
39%
Nebraska
39%
West Virginia
39%
Michigan
35%
Alabama
30%
Idaho
30%
South Carolina
30%
Connecticut
26%
Indiana
26%
Iowa
26%
Mississippi
26%
New Jersey
26%
North Carolina
26%
North Dakota
26%
Delaware
22%
Kansas
22%
Tennessee
22%
Vermont
22%
Arkansas
17%
Maine
17%
New Hampshire
17%
Rhode Island
13%
No matching quizzes found
Score Distribution
Percent of People with Each Score
Percentile by Number Answered
Your Score History
You have not taken this quiz